| 000 | 00537nam a2200181 a 4500 | ||
|---|---|---|---|
| 001 | 2316 | ||
| 003 | CDMR | ||
| 005 | 20130411191123.0 | ||
| 008 | 130130s2000||||||||||||||||||||||||||||d | ||
| 040 |
_aCDMR _bcat _cCDMR |
||
| 100 | 1 |
_aMillà, Ramon _91735 |
|
| 245 | 1 | 3 |
_aLa realitat 'en directe' _b: realització d'informatius diaris a la televisió |
| 260 |
_aBarcelona _c2000 _bPòrtic |
||
| 490 | 0 |
_aEines de Periodista _v6 |
|
| 650 | 0 | 4 |
_93157 _aTelevisió _xNoticiaris |
| 650 | 0 | 4 |
_9433 _aTelevisió _xProducció i direcció |
| 942 |
_cMON _2udc |
||
| 999 |
_c2316 _d2316 |
||